000 00431nam a2200181Ia 4500
001 16297
005 20260306170259.0
008 260306t2011||||xx |||||||||||||| ||und||
041 _aESP
082 _a347.6
_bV65
100 _aVilata Menadas, Salvador
_eAUT
245 0 _aElementos de derecho concursal
260 _c2011
300 _a206 páginas :
_c21cm.
650 _aGEN
654 _aCDE
942 _cLIB
_dJUS
_fJUS
_2ddc
_n
999 _c16297
_d16297